|
|
|
|
| LEADER |
02088njm a2200505 a 4500 |
| 001 |
000265938 |
| 003 |
CZ BrMZK |
| 005 |
20180830093557.0 |
| 008 |
010907s1992 xr f cze d |
| 028 |
0 |
3 |
|a 11 0672-2 911
|b Supraphon
|
| 040 |
|
|
|a BOA001
|b cze
|
| 080 |
|
|
|a 785.11.083.1(086.7)
|2 MRF
|
| 080 |
|
|
|a 785.78(086.7)
|2 MRF
|
| 080 |
|
|
|a 784.4(086.7)
|2 MRF
|
| 100 |
1 |
|
|a Stravinsky, Igor,
|d 1882-1971
|7 jn19992001136
|4 cmp
|
| 245 |
1 |
0 |
|a Jazzové skladby
|h [zvukový záznam] /
|c Igor Stravinsky.
|
| 246 |
3 |
3 |
|a l'Histoire du soldat. Ballet Suite
|
| 246 |
3 |
3 |
|a Ebony concerto for jazz band
|
| 246 |
3 |
3 |
|a Octet for Wind Instrument
|
| 246 |
3 |
3 |
|a Piano Rag-Music
|
| 246 |
3 |
3 |
|a Ragtime for 11 instruments
|
| 246 |
3 |
3 |
|a Symphonies of Wind Instruments
|
| 260 |
|
|
|a Praha :
|b Supraphon,
|c c1992
|
| 300 |
|
|
|a 1 CD ;
|c 12 cm
|b ADD +
|e 1 brožura [8 s.].
|
| 306 |
|
|
|a 010638
|
| 490 |
1 |
|
|a Crystal collection
|
| 500 |
|
|
|a Durata 66:38
|
| 500 |
|
|
|a Text v brožuře vícejaz.
|
| 500 |
|
|
|a Nahr. 1964, 1962, 1965, 1967, 1968
|
| 505 |
2 |
|
|a Ebony Concerto for Jazz Band, Octet for Wind Instrument, Piano Rag-Music ... [et al.]
|
| 511 |
0 |
|
|a Jan Novotný, klavír; Kateřina Zlatníková, dulcimer; Karel Krautgartner, klarinet. Komorní harmonie, dir. Libor Pešek; Orchestr Karla Krautgartnera
|
| 653 |
0 |
|
|a baletní suity
|a dechové oktety
|a jazzová hudba
|a jazzový orchestr
|a symfonický orchestr
|a symfonie
|
| 700 |
1 |
|
|a Novotný, Jan,
|d 1935-2025
|7 jn19990009944
|4 prf
|
| 700 |
1 |
|
|a Pešek, Libor,
|d 1933-2022
|7 jn19990209648
|4 cnd
|
| 700 |
1 |
|
|a Zlatníková, Kateřina,
|d 1939-2013
|7 mub2014836793
|4 prf
|
| 700 |
1 |
|
|a Krautgartner, Karel,
|d 1922-1982
|7 jk01063097
|4 cnd
|4 prf
|
| 710 |
2 |
|
|a Orchestr Karla Krautgartnera
|7 ko2003171956
|4 prf
|
| 710 |
2 |
|
|a Komorní harmonie
|7 ko2004264212
|4 prf
|
| 830 |
|
0 |
|a Crystal collection
|
| 910 |
|
|
|a BOA001
|b CD-0001.060
|
| 964 |
|
|
|a Hudba jazzová
|x CD
|
| 964 |
|
|
|a Oktety
|x CD
|
| 964 |
|
|
|a Orchestr symfonický
|x suity
|x CD
|
| 990 |
|
|
|a AV
|
| 996 |
6 |
|
|b 261H001085
|c CD-0001.060
|l MZK
|r Sklad / do 24 hodin
|n 0
|w 000265938
|u 000010
|a 1
|e BOA001
|j MZK50
|s P
|